Penggembala ummat, mengenal ummat dan kampung halamannja. (Record no. 85907)

MARC details
000 -LEADER
fixed length control field 00533cam a22001931 4500
001 - CONTROL NUMBER
control field sa 68014604
003 - CONTROL NUMBER IDENTIFIER
control field DLC
005 - DATE AND TIME OF LATEST TRANSACTION
control field 20260227112633.0
008 - FIXED-LENGTH DATA ELEMENTS--GENERAL INFORMATION
fixed length control field 890515s1965 io ach 000 0 ind
010 ## - LIBRARY OF CONGRESS CONTROL NUMBER
LC control number sa 68014604
035 ## - SYSTEM CONTROL NUMBER
System control number (OCoLC)23547791
040 ## - CATALOGING SOURCE
Original cataloging agency DLC
Transcribing agency MiU
Modifying agency DLC
042 ## - AUTHENTICATION CODE
Authentication code premarc
050 00 - LIBRARY OF CONGRESS CALL NUMBER
Classification number BP63.I5
Item number P45
245 00 - TITLE STATEMENT
Title Penggembala ummat, mengenal ummat dan kampung halamannja.
260 ## - PUBLICATION, DISTRIBUTION, ETC.
Place of publication, distribution, etc. [Djakarta,
Date of publication, distribution, etc. 1965]
300 ## - PHYSICAL DESCRIPTION
Extent [75] p.
Other physical details (chiefly illus., facsims., ports.)
Dimensions 29 cm.
650 #0 - SUBJECT ADDED ENTRY--TOPICAL TERM
Topical term or geographic name entry element Muslims
Geographic subdivision Indonesia

No items available.

Powered by Koha